Tensor geometry : the geometric viewpoint and its uses
Αποθηκεύτηκε σε:
| Κύριος συγγραφέας: | |
|---|---|
| Άλλοι συγγραφείς: | |
| Μορφή: | Βιβλίο |
| Γλώσσα: | English |
| Δημοσίευση: |
Berlin : New York :
Springer-Verlag,
1997, c1991
|
| Έκδοση: | 2nd ed. |
| Σειρά: | Graduate texts in mathematics ;
; 130 |
| Θέματα: | |
| Ετικέτες: |
Προσθήκη ετικέτας
Δεν υπάρχουν, Καταχωρήστε ετικέτα πρώτοι!
|
MARC
| LEADER | 00000cam a2200000 i 4500 | ||
|---|---|---|---|
| 001 | 1/29159 | ||
| 008 | 941103s19971991 eng d | ||
| 020 | |a 3-540-52018-X (hbk.) | ||
| 020 | |a 0-387-52018-X | ||
| 035 | |l 10038251 | ||
| 035 | |a 1993 | ||
| 040 | |a GR-MY-UA |b gre |e aacr | ||
| 041 | 0 | |a eng | |
| 082 | 0 | |a 516.36 | |
| 100 | 1 | |a Dodson, C. T. J. | |
| 245 | 1 | 0 | |a Tensor geometry : |b the geometric viewpoint and its uses / |c C.T.J. Dodson, T. Poston |
| 250 | |a 2nd ed. | ||
| 260 | |a Berlin : |a New York : |b Springer-Verlag, |c 1997, c1991 | ||
| 300 | |a xiv, 432 σ.; |b εικ.; |c 24 εκ. | ||
| 490 | 1 | |a Graduate texts in mathematics |v ; 130 | |
| 500 | |a Includes bibliographical references (p. [418]-420) and index | ||
| 650 | 0 | 0 | |a Geometry, Differential. |
| 650 | 0 | 0 | |a Calculus of tensors. |
| 700 | 1 | |a Poston, Tim. | |
| 830 | 0 | |a Graduate texts in mathematics ; |v ; 130 | |
| 852 | |a INST |b LESVOS |e 20080919 |h 516.36 DOD |p 005100043129 |q 005100043129 |t BK |y 0 | ||
| 852 | |a INST |b SAMOS |e 19941103 |h 516.36 DOD |p 005300006844 |q 005300006844 |t BK |y 0 | ||
| 901 | |a BIBL1-2008-3 | ||
| 909 | |a Σ |b 029525 | ||
| 909 | |a Λ |b 145142 | ||
| 922 | |a 1ΕΛΗ |b 200801 |c ΕΠΕΑΕΚ2/ΤΕΘ |d ΕΛΕΥΘΕΡΟΥΔΑΚΗΣ | ||